<?xml version="1.0" encoding="UTF-8"?>
<record
    xmlns:xsi="http://www.w3.org/2001/XMLSchema-instance"
    xsi:schemaLocation="http://www.loc.gov/MARC21/slim http://www.loc.gov/standards/marcxml/schema/MARC21slim.xsd"
    xmlns="http://www.loc.gov/MARC21/slim">

  <leader>00540nam a2200145Ia 4500</leader>
  <controlfield tag="008">100415s9999    xx            000 0 und d</controlfield>
  <datafield tag="082" ind1=" " ind2=" ">
    <subfield code="b">1435</subfield>
    <subfield code="a">631.8</subfield>
  </datafield>
  <datafield tag="100" ind1=" " ind2=" ">
    <subfield code="a">Corrie  Frnak Ewart</subfield>
  </datafield>
  <datafield tag="245" ind1=" " ind2=" ">
    <subfield code="a">Manuers and Manuring : A Handbook for Practical Farmers, Students, and others</subfield>
  </datafield>
  <datafield tag="260" ind1=" " ind2=" ">
    <subfield code="a">LONDON</subfield>
    <subfield code="c">1927</subfield>
    <subfield code="b">CHAPMAN &amp; HALL</subfield>
  </datafield>
  <datafield tag="365" ind1=" " ind2=" ">
    <subfield code="b">0</subfield>
  </datafield>
  <datafield tag="630" ind1=" " ind2=" ">
    <subfield code="a">Manuers and Manuring : A Handbook for Practical Farmers, Students, and others</subfield>
  </datafield>
  <datafield tag="730" ind1=" " ind2=" ">
    <subfield code="a">Manuers and Manuring : A Handbook for Practical Farmers, Students, and others</subfield>
  </datafield>
  <datafield tag="942" ind1=" " ind2=" ">
    <subfield code="c">BOOK</subfield>
  </datafield>
  <datafield tag="999" ind1=" " ind2=" ">
    <subfield code="c">584490</subfield>
    <subfield code="d">584487</subfield>
  </datafield>
  <datafield tag="952" ind1=" " ind2=" ">
    <subfield code="0">0</subfield>
    <subfield code="1">0</subfield>
    <subfield code="4">0</subfield>
    <subfield code="7">0</subfield>
    <subfield code="a">BNHS</subfield>
    <subfield code="b">BNHS</subfield>
    <subfield code="d">1998-04-22</subfield>
    <subfield code="g">0.00</subfield>
    <subfield code="l">0</subfield>
    <subfield code="o">631.8 1435</subfield>
    <subfield code="p">BNHS-1435</subfield>
    <subfield code="r">2010-04-15 00:00:00</subfield>
    <subfield code="w">2010-04-15</subfield>
    <subfield code="y">BOOK</subfield>
  </datafield>
</record>
